| 000 | 01791nam a2200529 i 4500 | ||
|---|---|---|---|
| 001 | 15686 | ||
| 003 | KOSZ 005 | ||
| 005 | 20240405063025.0 | ||
| 008 | 200423s1972 pl f 001 0 pol | ||
| 015 | _aUWD 1972/7740 | ||
| 035 | _a991038689319705066 | ||
| 035 | _a(PL-WaBN)b20356456-48omnis_nlop | ||
| 035 | _ab20356456 | ||
| 035 | _a(OCoLC)831214353 | ||
| 035 | _a(PL)b0000002035645 | ||
| 035 | _a(EXLNZ-48OMNIS_NETWORK)9910279637905606 | ||
| 040 |
_aWA N _cWA N _dKOSZ 005/RW |
||
| 046 | _k1972 | ||
| 080 | _a33 | ||
| 080 | _a(075.8) | ||
| 100 | 1 |
_aGórski, Janusz _d(1929-1986) _eAutor |
|
| 245 | 1 | 0 |
_aHistoria powszechnej myśli ekonomicznej : _b(1870-1950) / _cJanusz Górski, Witold Sierpiński. |
| 260 |
_aWarszawa : _bPaństwowe Wydawnictwo Naukowe, _c1972. |
||
| 300 |
_a536 stron ; _c22 cm. |
||
| 336 |
_aTekst _btxt _2rdacontent |
||
| 337 |
_aBez urządzenia pośredniczącego _bn _2rdamedia |
||
| 338 |
_aWolumin _bnc _2rdacarrier |
||
| 380 | _aKsiążki | ||
| 380 | _aPublikacje naukowe | ||
| 380 | _aPublikacje dydaktyczne | ||
| 385 |
_mPoziom nauczania _aSzkoły wyższe |
||
| 388 | _a1901-2000 | ||
| 388 | _a1945-1989 | ||
| 500 | _a1972 Międzynarodowy Rok Książki. | ||
| 504 | _aIndeks. | ||
| 648 | 7 |
_a1801-1900 _2DBN |
|
| 648 | 7 |
_a1901-2000 _2DBN |
|
| 650 | 7 |
_aEkonomia _2DBN |
|
| 655 | 7 |
_aPodręczniki akademickie _2DBN |
|
| 658 | _aGospodarka, ekonomia, finanse | ||
| 658 | _aHistoria | ||
| 700 | 1 |
_aSierpiński, Witold _d(1927-2009) _eAutor |
|
| 710 | 2 |
_aPaństwowe Wydawnictwo Naukowe _4pbl |
|
| 856 |
_uhttp://koha.tu.koszalin.pl/cgi-bin/koha/opac-detail.pl?biblionumber=15686 _yKatalog online BPK |
||
| 942 |
_2UKD _cKS |
||
| 999 |
_c15686 _d15686 |
||